000 00804nam a22002297a 4500
003 GR-AtMCL
005 20250707103948.0
008 920314|||||||||gr |||g |||u000 gre
020 _a9607136195
040 _aGRAtEVE
_bgre
_dGR-AtMCL
_eAACR2
041 1 _heng
100 1 _aKlein, Melanie
_98314
245 1 2 _aΗ αγάπη και το μίσος /
_cΜελανί Κλάιν [και] Τζοάν Ριβιέρ ; μετάφραση Ευάγγελος Γράψας
260 _aΑθήνα :
_bΚονιδάρης,
_cc1990
300 _a177σ. ;
_c21εκ.
500 _aΤίτλος πρωτοτύπου : L 'amour et la haine
650 0 0 _aΔραματοθεραπεία
_99848
650 0 0 _aΑγάπη
700 1 _aRiviere, Joan
700 1 _aΓράψας, Ευάγγελος
_4730
942 _cBK
999 _c9805
_d9805